दुनिया रोज बनती है / (Record no. 36252)

MARC details
000 -LEADER
fixed length control field 01094nam a22002537a 4500
005 - DATE AND TIME OF LATEST TRANSACTION
control field 20100520153424.0
008 - FIXED-LENGTH DATA ELEMENTS--GENERAL INFORMATION
fixed length control field 100520t xxu||||| |||| 00| 0 hin d
010 ## - LCCN (DPL NO)
LC control number HIN-89401
020 ## - INTERNATIONAL STANDARD BOOK NUMBER
International Standard Book Number 9788171786077
Terms of availability 150.00
035 ## - SYSTEM CONTROL NUMBER
System control number HN-61747
037 ## - SOURCE OF ACQUISITION
Source of stock number/acquisition DBAD/PUB
040 ## - CATALOGING SOURCE
Original cataloging agency DPL
Language of cataloging HN
082 ## - DEWEY DECIMAL CLASSIFICATION NUMBER
Classification number 821
100 ## - MAIN ENTRY--PERSONAL NAME
Personal name आलोकधन्वा
9 (RLIN) 18273
245 ## - TITLE STATEMENT
Title दुनिया रोज बनती है /
Statement of responsibility, etc आलोकधन्वा
246 ## - VARYING FORM OF TITLE
Title proper/short title Duniya roj banati hai/
Remainder of title by Aalokadhanwa
260 ## - PUBLICATION, DISTRIBUTION, ETC. (IMPRINT)
Place of publication, distribution, etc नई दिल्ली
Name of publisher, distributor, etc राजकमल प्रकाशन
Date of publication, distribution, etc 2009 (तीसरी आवृति)
270 ## - ADDRESS
Address 1-बी, नेताजी सुभाष मा्र्ग
City नई दिल्ली
Postal code 110002
300 ## - PHYSICAL DESCRIPTION
Extent 96पृ
Dimensions 22सेमी (सजिल्द)
650 ## - SUBJECT ADDED ENTRY--TOPICAL TERM
Topical term or geographic name as entry element हिन्दी कविता
9 (RLIN) 697
650 ## - SUBJECT ADDED ENTRY--TOPICAL TERM
Topical term or geographic name as entry element hindi poetry
9 (RLIN) 698
942 ## - ADDED ENTRY ELEMENTS (KOHA)
Source of classification or shelving scheme Dewey Decimal Classification
Item type Hindi Books
Call number suffix आलोक
Holdings
Withdrawn status Lost status Source of classification or shelving scheme Damaged status Not for loan Collection code Home library Current library Date acquired Source of acquisition Cost, normal purchase price Total Checkouts Full call number Barcode Date last seen Copy number Cost, replacement price Koha item type
    Dewey Decimal Classification   Not For Loan Non-fiction D.B.Act.Division D.B.Act.Division 20/05/2010 DBAD/PUB 150.00   आलोक HN-61747 20/05/2010 1 150.00 Hindi Books

© Delhi Public Library
Hit Counter
free hit counter